000 00331nam a2200121Ia 4500
005 20251222144646.0
008 251222s9999||||xx |||||||||||||| ||spa||
082 _a658.409.2/V21
100 _aValenzuela Martínez, Jorge
245 0 _aLiderazgo en el Siglo XXI
264 _bConferenciación Nacional de Comerciantes
942 _cLIB
999 _c16888
_d16888